000 00410nam a2200169Ia 4500
008 151213s9999 xx 000 0 und d
082 _a657.45
100 _aMohd. Mohibbullah
245 _aA Hand Book Of Auditing
_cMohd. Mohibbullah
250 _a1st
260 _aDhaka
_bAugetpub
_c1999
300 _a4180 p.
650 _aBusiness
650 _aBusiness
700 _aMohd. Mohibbullah
999 _c2605
_d2605